Thermodynamics : (Record no. 598888)

000 -LEADER
fixed length control field 00318nam a2200121Ia 4500
008 - FIXED-LENGTH DATA ELEMENTS--GENERAL INFORMATION
fixed length control field 230907s9999||||xx |||||||||||||| ||und||
082 ## - DEWEY DECIMAL CLASSIFICATION NUMBER
Classification number 621.4021
Author Mark CEN
100 ## - MAIN ENTRY--PERSONAL NAME
Personal name Çengel, Yunus A.
245 #0 - TITLE STATEMENT
Title Thermodynamics :
260 ## - PUBLICATION, DISTRIBUTION, ETC.
Place of publication, distribution, etc. McGraw-Hill,
Name of publisher, distributor, etc. New York, NY :
Date of publication, distribution, etc. 2011
300 ## - PHYSICAL DESCRIPTION
Extent xxiii, 1024 pages :
942 ## - ADDED ENTRY ELEMENTS (KOHA)
Koha item type Book
Source of classification or shelving scheme
Holdings
Withdrawn status Lost status Damaged status Not for loan Permanent Location Current Location Date acquired Total Checkouts Full call number Barcode Date last seen Date last checked out Price effective from Koha item type
        US-Pakistan Center for Advanced Studies in Energy (USPCAS-E) US-Pakistan Center for Advanced Studies in Energy (USPCAS-E) 08/17/2019 1 621.4021 CEN CAS-E0002987 01/08/2025 10/22/2024 09/12/2023 Book
© 2023 Central Library, National University of Sciences and Technology. All Rights Reserved.